000 01352nam0a22003011 4500
001 rc\4711577
005 20130416212321.0
021 _aRU
_b[69-571]
035 _a(NLR Aleph) 008724248
090 _a9437062
_c9437061
100 _a20130416d1968 |||y0rusy50 ca
101 0 _arus
102 _aRU
105 _aa z |||||
200 1 _aКонтроль напряжений в металлических конструкциях магнитоупругими тестерами
_fЛенингр. организация о-ва "Знание" РСФСР. Ленингр. дом науч.-техн. пропаганды
210 _aЛенинград
_cБ. и.
_d1968
215 _a27 с.
_cчерт.
_d21
225 1 _aСерия "Механизация и автоматизация производственных процессов и установок"
300 _aПеред загл. авт.: канд. техн. наук А.С. Николаев
320 _aБиблиогр.: с. 26 (14 назв.)
606 _aТензометры
_2psbo
606 _aМеталлические конструкции
_xТензометрия
_2psbo
700 1 _aНиколаев
_bА. С.
_gАлексей Сергеевич
801 0 _aRU
_bNLR
_gpsbo
801 1 _aRU
_bELAR
_2rusmarc
852 _aNLR
_j69-6/1930
942 _cBOOK
980 _aNB